[Event "Sydkysten 1-Arhus"]
[Site "1 Division 2002-2003 runde 6"]
[Date "2003.03.15"]
[Round "6.6"]
[White "Henrik Dahl Pedersen"]
[Black "Jan Rode Pedersen"]
[Result "0-1"]
[WhiteElo "2242"]
[BlackElo "2160"]
[PlyCount "56"]

1. d4 Nf6 2. c4 d6 3. Nf3 Nbd7 4. g3 e5 5. Bg2 c6 6. O-O Be7 7. Nc3 a6 8. Qc2
O-O 9. Rd1 Qc7 10. b3 Re8 11. Bb2 Bd8 12. Rac1 e4 13. Ng5 d5 14. cxd5 cxd5 15.
f3 Qd6 16. fxe4 Ng4 17. Nxf7 Kxf7 18. e5 Ndxe5 19. Bxd5+ Be6 20. Qf5+ Kg8 21.
Ba3 Qxd5 22. Qf4 Qa5 23. Na4 Ng6 24. Qd6 Qh5 25. h4 Bg5 26. Rc5 Be3+ 27. Kh1
Nf2+ 28. Kg2 Qg4 0-1

[Event "Sydkysten 1-Arhus"]
[Site "1 Division 2002-2003 runde 6"]
[Date "2003.03.15"]
[Round "6.7"]
[White "Vagn Jensen"]
[Black "Stefan H. Steffensen"]
[Result "1-0"]
[WhiteElo "2158"]
[BlackElo "2045"]
[PlyCount "31"]

1. e4 c5 2. Nf3 Nc6 3. Nc3 g6 4. d4 cxd4 5. Nxd4 Bg7 6. Be3 Nf6 7. Bc4 O-O 8.
Bb3 Na5 9. e5 Ne8 10. Bxf7+ Kxf7 11. Ne6 Kxe6 12. Qd5+ Kf5 13. g4+ Kxg4 14.
Rg1+ Kh5 15. Qd1+ Kh4 16. Qg4# 1-0

[Event "Sydkysten 1-Arhus"]
[Site "1 Division 2002-2003 runde 6"]
[Date "2003.03.15"]
[Round "6.8"]
[White "Peter Ove Krogh"]
[Black "Aage Dalstrup Olsen"]
[Result "0-1"]
[WhiteElo "2018"]
[BlackElo "2102"]
[PlyCount "80"]

1. c4 Nf6 2. Nc3 c5 3. e4 Nc6 4. f4 d6 5. Nf3 e6 6. d4 cxd4 7. Nxd4 Be7 8. Be2
a6 9. Be3 Qc7 10. Nxc6 bxc6 11. O-O O-O 12. Qd2 Bb7 13. Bf3 Rad8 14. Qf2 c5 15.
Rad1 Nd7 16. g4 Nb8 17. g5 Nc6 18. h4 Nd4 19. Bxd4 cxd4 20. Ne2 e5 21. b3 d5
22. exd5 d3 23. fxe5 dxe2 24. Qxe2 Bc5+ 25. Kg2 Rfe8 26. Rde1 Bb4 27. d6 Bxd6
28. Bxb7 Qxb7+ 29. Qf3 Qxf3+ 30. Rxf3 Bxe5 31. Rfe3 f6 32. R1e2 Rd4 33. Kh3
Red8 34. h5 Rd3 35. gxf6 gxf6 36. Rxd3 Rxd3+ 37. Kg4 Kf7 38. Kf5 Rd4 39. Rf2
Rh4 40. Rd2 Rf4# 0-1